| 000 | 00595nam a2200217Ia 4500 | ||
|---|---|---|---|
| 005 | 20231216081442.0 | ||
| 008 | 131103s9999 xx 000 0 und d | ||
| 020 | _a9814107360 | ||
| 040 | _aLoreto College | ||
| 041 | _aEnglish | ||
| 082 |
_a428 _bMAC |
||
| 100 | _aMachin, Roger | ||
| 245 |
_aEnglish Writing Workshop, _b Inform, Explain, Describe , _cRoger Machin |
||
| 260 |
_aSingapore _bLearners Publishing Pte Ltd _c2003 |
||
| 300 | _a96p | ||
| 630 | _aCommunicative English | ||
| 650 | _aCommunicative Skills | ||
| 651 | _aEnglish Language | ||
| 850 | _aLCLIB | ||
| 942 | _cBK | ||
| 999 |
_c19601 _d70080 |
||